00242nam a2200097Ia 4500008004100000100002200041245003500063260002400098942000700122999001500129190216s9999||||xx |||||||||||||| ||und|| aLloyd N Frengason 0aText Book Of Organic Chemistry bD -van Nostrand Co. cBK c1933d1933